Rusūm dār al-khilāfah /

محفوظ في:

المؤلف الرئيسي: Ṣābī, Hilāl ibn al-Muḥassin,‏ 970-1056 (مؤلف)

مؤلفون آخرون: ʻAwwād, Mīkhāʼīl.

التنسيق: كتاب

اللغة: Arabic

منشور في: Baghdād : Maṭbaʻat al-ʻĀnī, 1964.

الموضوعات:

الوسوم: إضافة وسم

لا توجد وسوم, كن أول من يضع وسما على هذه التسجيلة!

رقم الطلب: JX1679 .S3 1964

LEADER 01609nam a2200289Ia 4500
003 OSt
005 20230802123638.0
008 130303s1964 iq h 000 0 ara d
952 |0 0  |1 0  |2 lcc  |4 0  |6 JX1679 S3 01964  |7 1  |9 49432  |a ARCE  |b ARCE  |d 2023-08-02  |l 0  |o JX1679 .S3 1964  |p 1017705  |r 2023-08-02 00:00:00  |w 2023-08-02  |y BK 
999 |c 29940  |d 29940 
040 |c ARCE Library 
043 |a a-iq--- 
050 4 |a JX1679 .S3 1964 
100 1 |6 880-01  |a Ṣābī, Hilāl ibn al-Muḥassin,‏  |d 970-1056,  |e author 
245 1 0 |6 880-02  |a Rusūm dār al-khilāfah /  |c taʼlīf Abī al-Ḥusayn Hilāl ibn al-Muḥassin al-Ṣābī ; ʻuniyá bi-taḥqīqih wa-al-taʻlīq ʻalayh wa-nashrih Mikhāʼīl ʻAwwād. 
264 1 |a Baghdād :   |b Maṭbaʻat al-ʻĀnī,   |c 1964. 
300 |a 206 pages :   |b facsimiles ;   |c 26 cm. 
500 |a Title on added t.p.: Rusūm dār al-khilāfah : the etiquette, protocol and diplomacy of the Abbasid Caliphate in Baghdad. 
504 |a Includes bibliographical references (p. 172-188). 
555 |a Sara.lib 
650 0 |a Abbasids. 
650 0 |a Diplomatic etiquette  |z Iraq  |x History. 
700 1 |a ʻAwwād, Mīkhāʼīl. 
880 1 |6 100-01/(3/r  |a صابي، هلال بن المحسن،‪‪‪‪‪‪‪‪‪‪‪‪‪‪‪‪‪‪‪‪‪‪  |d 970-1056. 
880 1 0 |6 245-02/(3/r  |a رسوم دار الخلافة   |c تأليف ابي الحسين هلال بن المحسن الصابي ؛ عني بتحقيقه و التعليق عليه و نشره ميخائيل عواد.‪‪‪‪‪‪‪‪‪‪‪‪‪‪‪‪‪‪‪‪‪‪ 
901 |a reviewed 
942 |c BK  |2 lcc